| 000 | 00392nam a22001217a 4500 | ||
|---|---|---|---|
| 999 |
_c9669 _d9669 |
||
| 003 | OSt | ||
| 008 | 201210b ||||| |||| 00| 0 eng d | ||
| 245 | _aVikalpa The Journal for Decision Makers | ||
| 250 | _a2014(Jan-Mar Vol.39 No.1, Apr-Jun Vol.39 No.2, Jul-Sep Vol.39 No.3, Oct-Dec Vol.39 No.4) | ||
| 260 |
_aAhmedabad _bIndian Institute of Management |
||
| 650 | _aManagement | ||
| 942 |
_2ddc _cBV |
||